X Factor UK winners - Statistics

General Stats
  • This quiz has been taken 81 times
  • The average score is 9 of 15
Answer Stats
series year group Answer % Correct
3 2006 girls Leona Lewis
91%
8 2011 groups Little Mix
91%
5 2008 girls Alexandra Burke
87%
7 2010 boys Matt Cardle
71%
9 2012 boys James Arthur
69%
6 2009 boys Joe McElderry
69%
2 2005 boys Shayne Ward
59%
10 2013 over 25s Sam Bailey
54%
1 2004 over 25s Steve Brookstein
53%
14 2017 groups Rak-Su
51%
12 2015 girls Louisa Johnson
50%
4 2007 boys Leon Jackson
49%
11 2014 boys Ben Haenow
46%
13 2016 boys Matt Terry
26%
15 2018 boys Dalton Harris
22%
No matching quizzes found
Score Distribution
Percent of People with Each Score
Percentile by Number Answered
Your Score History
You have not taken this quiz